Communes de la Sarthe sur une carte - Statistiques

Statistiques générales
  • Ce quiz a été pris 2 025 fois
  • Le résultat moyen est 75 sur 354
Réponses sur la Carte
Les réponses sont colorées sur une échelle allant du rouge au vert en fonction du pourcentage des utilisateurs qui les ont devinées à leur premier essai. Vous pouvez retrouver ces pourcentages ci-dessous.
 
Statistiques - réponses
Commune % Correct
Le Mans
98%
La Flèche
81%
Sablé-sur-Sarthe
73%
Allonnes
71%
Mamers
69%
La Ferté-Bernard
66%
Yvré-le-Pôlin
63%
Yvré-l'Évêque
63%
Arnage
62%
Coulaines
62%
Ballon-Saint Mars
60%
Changé
59%
La Suze-sur-Sarthe
59%
Sillé-le-Guillaume
59%
Sillé-le-Philippe
59%
Mulsanne
58%
Parigné-le-Pôlin
58%
Parigné-l'Évêque
58%
Écommoy
56%
Le Lude
54%
Saint-Saturnin
53%
La Chapelle-Saint-Aubin
52%
Montval-sur-Loir
52%
Connerré
50%
Ruaudin
49%
Saint-Calais
49%
Loué
48%
Saint-Mars-la-Brière
48%
Beaumont-Pied-de-Boeuf
47%
Beaumont-sur-Dême
47%
Beaumont-sur-Sarthe
47%
Sargé-lès-le-Mans
47%
Champagné
46%
La Bazoge
46%
Rouillon
46%
Saint-Mars-d'Outillé
46%
Savigné-l'Évêque
46%
Savigné-sous-le-Lude
46%
Bonnétable
44%
Malicorne-sur-Sarthe
43%
Saint-Mars-de-Locquenay
43%
Conlie
42%
Spay
42%
Moncé-en-Belin
40%
Moncé-en-Saosnois
40%
Saint-Jean-d'Assé
39%
Brûlon
38%
Montfort-le-Gesnois
38%
Pruillé-le-Chétif
38%
Pruillé-l'Éguillé
38%
Saint-Jean-du-Bois
38%
Fresnay-sur-Sarthe
37%
Guécélard
37%
Saint-Georges-du-Bois
37%
Saint-Jean-de-la-Motte
37%
Teloché
37%
Neuville-sur-Sarthe
36%
Saint-Jean-des-Échelles
36%
Bouloire
35%
La Milesse
34%
Le Grand-Lucé
34%
Saint-Georges-du-Rosay
34%
Saint-Georges-le-Gaultier
34%
Saint-Pavace
34%
Fillé
33%
Laigné-en-Belin
33%
Noyen-sur-Sarthe
33%
Saint-Georges-de-la-Couée
33%
Cérans-Foulletourte
32%
Étival-lès-le-Mans
31%
Joué-en-Charnie
31%
Joué-l'Abbé
31%
Louplande
31%
Trangé
31%
Vibraye
31%
Coulans-sur-Gée
30%
Roézé-sur-Sarthe
30%
Souligné-Flacé
30%
Souligné-sous-Ballon
30%
Aigné
29%
Mayet
29%
Parcé-sur-Sarthe
29%
Sainte-Jamme-sur-Sarthe
29%
Saint-Léonard-des-Bois
29%
Brette-les-Pins
28%
Mansigné
28%
Marolles-les-Braults
28%
Marolles-lès-Saint-Calais
28%
Saint-Ouen-en-Belin
28%
Villaines-la-Carelle
28%
Villaines-la-Gonais
28%
Villaines-sous-Lucé
28%
Villaines-sous-Malicorne
28%
Saint-Pierre-du-Lorouër
27%
Cherré-Au
26%
Clermont-Créans
26%
Fay
26%
Pontvallain
26%
Saint-Ouen-en-Champagne
26%
Saint-Pierre-de-Chevillé
26%
Saint-Pierre-des-Bois
26%
Saint-Pierre-des-Ormes
26%
Le Breil-sur-Mérize
25%
Saint-Denis-d'Orques
25%
Saint-Ouen-de-Mimbré
25%
Solesmes
25%
Thorigné-sur-Dué
25%
Tuffé Val de la Chéronne
25%
Vaas
25%
Bazouges Cré sur Loir
24%
Bessé-sur-Braye
24%
La Chartre-sur-le-Loir
24%
Nogent-le-Bernard
24%
Nogent-sur-Loir
24%
Oizé
24%
Saint-Denis-des-Coudrais
24%
Saint-Gervais-en-Belin
24%
Chemiré-en-Charnie
23%
Chemiré-le-Gaudin
23%
Domfront-en-Champagne
23%
La Guierche
23%
Loir en Vallée
23%
Montbizot
23%
Saint-Vincent-du-Lorouër
23%
Voivres-lès-le-Mans
23%
Auvers-le-Hamon
22%
Auvers-sous-Montfaucon
22%
Challes
22%
Fatines
22%
Fyé
22%
Montmirail
22%
Saint-Vincent-des-Prés
22%
Villeneuve-en-Perseigne
22%
Arçonnay
21%
Aubigné-Racan
21%
Chaufour-Notre-Dame
21%
Lombron
21%
Tennie
21%
Jupilles
20%
Lucé-sous-Ballon
20%
Montreuil-le-Chétif
20%
Montreuil-le-Henri
20%
Saint-Gervais-de-Vic
20%
Assé-le-Boisne
19%
Assé-le-Riboul
19%
Degré
19%
Dollon
19%
La Chapelle-aux-Choux
19%
La Quinte
19%
Le Luart
19%
Luché-Pringé
19%
Marigné-Laillé
19%
Précigné
19%
Saint-Aubin-des-Coudrais
19%
Saint-Cosme-en-Vairais
19%
Saint-Rémy-de-Sillé
19%
Saint-Rémy-des-Monts
19%
Saint-Rémy-du-Val
19%
Asnières-sur-Vègre
18%
Courceboeufs
18%
Courcemont
18%
Le Bailleul
18%
Ruillé-en-Champagne
18%
Saint-Aubin-de-Locquenay
18%
Saint-Corneille
18%
Vivoin
18%
Beaufay
17%
Juigné-sur-Sarthe
17%
La Chapelle-d'Aligné
17%
Mézeray
17%
Rouez
17%
Rouperroux-le-Coquet
17%
Saint-Germain-d'Arcé
17%
Saint-Paul-le-Gaultier
17%
Torcé-en-Vallée
17%
Ardenay-sur-Mérize
16%
Beillé
16%
Bernay-Neuvy-en-Champagne
16%
Lhomme
16%
Mézières-sous-Lavardin
16%
Mézières-sur-Ponthouin
16%
Saint-Christophe-du-Jambet
16%
Saint-Christophe-en-Champagne
16%
Sainte-Sabine-sur-Longève
16%
Saint-Marceau
16%
Sceaux-sur-Huisne
16%
Amné
15%
Avoise
15%
Brains-sur-Gée
15%
Coudrecieux
15%
Cures
15%
La Chapelle-Saint-Rémy
15%
La Fontaine-Saint-Martin
15%
Marçon
15%
Mareil-en-Champagne
15%
Mareil-sur-Loir
15%
Maresché
15%
Pirmil
15%
Rouessé-Fontaine
15%
Rouessé-Vassé
15%
Saint-Biez-en-Belin
15%
Saint-Michel-de-Chavaignes
15%
Saint-Symphorien
15%
Souillé
15%
Vallon-sur-Gée
15%
Vion
15%
Chantenay-Villedieu
14%
Crannes-en-Champagne
14%
Dissay-sous-Courcillon
14%
Duneau
14%
Juillé
14%
La Chapelle-Saint-Fray
14%
Lavardin
14%
Lavaré
14%
Poillé-sur-Vègre
14%
Requeil
14%
Sougé-le-Ganelon
14%
Soulitré
14%
Volnay
14%
Avezé
13%
Crosmières
13%
Fercé-sur-Sarthe
13%
Longnes
13%
Parennes
13%
Pezé-le-Robert
13%
Chahaignes
12%
Château-l'Hermitage
12%
Cormes
12%
Courdemanche
12%
Crissé
12%
Luceau
12%
Mont-Saint-Jean
12%
Neuvillalais
12%
Notre-Dame-du-Pé
12%
Oisseau-le-Petit
12%
Saint-Martin-des-Monts
12%
Saint-Paterne-Le Chevain
12%
Ségrie
12%
Souvigné-sur-Même
12%
Souvigné-sur-Sarthe
12%
Teillé
12%
Ancinnes
11%
Arthezé
11%
Avessé
11%
Boëssé-le-Sec
11%
Bourg-le-Roi
11%
Champfleur
11%
Chenu
11%
Courcelles-la-Forêt
11%
Courgains
11%
Dangeul
11%
Louailles
11%
Nuillé-le-Jalais
11%
Saint-Maixent
11%
Vouvray-sur-Huisne
11%
Berfay
10%
Bouër
10%
Briosne-lès-Sables
10%
Chassillé
10%
Conflans-sur-Anille
10%
Coulongé
10%
Écorpain
10%
Épineu-le-Chevreuil
10%
La Bosse
10%
Lamnay
10%
Lavernat
10%
Le Grez
10%
Ligron
10%
Neufchâtel-en-Saosnois
10%
Piacé
10%
René
10%
Saint-Célerin
10%
Surfonds
10%
Tresson
10%
Vernie
10%
Courgenard
9%
Flée
9%
La Chapelle-du-Bois
9%
Maigné
9%
Maisoncelles
9%
Moulins-le-Carbonnel
9%
Préval
9%
Sainte-Cérotte
9%
Sarcé
9%
Semur-en-Vallon
9%
Tassé
9%
Thoiré-sous-Contensor
9%
Thoiré-sur-Dinan
9%
Verneil-le-Chétif
9%
Bousse
8%
Courtillers
8%
Fontenay-sur-Vègre
8%
Gesnes-le-Gandelin
8%
Monhoudou
8%
Nauvay
8%
Neuvillette-en-Charnie
8%
Pincé
8%
Saint-Aignan
8%
Saint-Ulphace
8%
Thorée-les-Pins
8%
Aillières-Beauvoir
7%
Chérancé
7%
Chevillé
7%
Douillet
7%
Gréez-sur-Roc
7%
La Chapelle-Huon
7%
Melleray
7%
Montaillé
7%
Rahay
7%
Saint-Victeur
7%
Théligny
7%
Val-d'Étangson
7%
Valennes
7%
Vancé
7%
Viré-en-Champagne
7%
Bérus
6%
Bethon
6%
Champrond
6%
Cogners
6%
Congé-sur-Orne
6%
Courcival
6%
Dehault
6%
Dureil
6%
Le Tronchet
6%
Meurcé
6%
Moitron-sur-Sarthe
6%
Saint-Longis
6%
Tassillé
6%
Terrehault
6%
Avesnes-en-Saosnois
5%
Chérisay
5%
Doucelles
5%
La Bruère-sur-Loir
5%
Marollette
5%
Nouans
5%
Prévelles
5%
Saosnes
5%
Blèves
4%
Chenay
4%
Commerveil
4%
Contilly
4%
Jauzé
4%
Les Mées
4%
Louvigny
4%
Louzes
4%
Panon
4%
Peray
4%
Saint-Calez-en-Saosnois
4%
Grandchamp
3%
Les Aulneaux
3%
Livet-en-Saosnois
3%
Pizieux
3%
Thoigné
3%
Vezot
3%
Aucun quiz correspondant
Distribution des résultats
% des personnes avec chaque résultat
Percentile par nombre de réponses
Votre historique - résultats
Vous n’avez pas pris ce quiz